Statistics for Verbs starting with an A

Click here to take the quiz!

General Stats

  • This quiz has been taken 65 times
    (51 since last reset)
  • The average score is 89 of 187

Answer Stats

verb% Correct
add
100%
aid
100%
answer
100%
ask
100%
agree
92%
allow
92%
argue
92%
arrest
92%
aspire
92%
accept
85%
account
85%
act
85%
adapt
85%
adore
85%
advertise
85%
age
85%
amuse
85%
appear
85%
apply
85%
assume
85%
attest
85%
avail
85%
avoid
85%
abuse
77%
accord
77%
advise
77%
aim
77%
air
77%
anger
77%
arc
77%
arise
77%
arrange
77%
attend
77%
avert
77%
accelerate
69%
ace
69%
ache
69%
achieve
69%
acknowledge
69%
address
69%
adjust
69%
affect
69%
aggravate
69%
allude
69%
alter
69%
amaze
69%
amend
69%
anticipate
69%
appraise
69%
appreciate
69%
approve
69%
arch
69%
arouse
69%
arrive
69%
assert
69%
assist
69%
accuse
62%
acquire
62%
adopt
62%
afford
62%
affront
62%
align
62%
announce
62%
appeal
62%
appoint
62%
arm
62%
assure
62%
astound
62%
attain
62%
awe
62%
axe
62%
abandon
54%
activate
54%
admit
54%
advance
54%
afflict
54%
ail
54%
allay
54%
ally
54%
annoy
54%
applaud
54%
assimilate
54%
assort
54%
await
54%
abound
46%
absolve
46%
accede
46%
access
46%
adhere
46%
admire
46%
adorn
46%
amount
46%
annihilate
46%
approach
46%
ascend
46%
assign
46%
attach
46%
attack
46%
audit
46%
avow
46%
award
46%
abide
38%
accentuate
38%
accompany
38%
affiliate
38%
affirm
38%
alert
38%
allot
38%
alloy
38%
angle
38%
animate
38%
appease
38%
apprehend
38%
assault
38%
astonish
38%
attempt
38%
augment
38%
author
38%
avenge
38%
awaken
38%
abate
31%
abbreviate
31%
abolish
31%
abridge
31%
abstract
31%
accomplish
31%
accumulate
31%
acquit
31%
advocate
31%
alarm
31%
alternate
31%
amble
31%
ambulate
31%
amplify
31%
analyze
31%
anchor
31%
antagonize
31%
append
31%
apprise
31%
archive
31%
assassinate
31%
assemble
31%
associate
31%
attract
31%
authorize
31%
abort
23%
accomodate
23%
acquiesce
23%
addict
23%
adjudicate
23%
administer
23%
aggregate
23%
agitate
23%
allocate
23%
approximate
23%
abject
15%
ablate
15%
absorb
15%
acquaint
15%
actuate
15%
adsorb
15%
aggrandize
15%
agonize
15%
alleviate
15%
amputate
15%
apologize
15%
articulate
15%
assess
15%
attribute
15%
authenticate
15%
abdicate
8%
abduct
8%
abominate
8%
actualize
8%
adjourn
8%
agglomerate
8%
airbrush
8%
allege
8%
alphabetize
8%
ambush
8%
assail
8%
auction
8%
audition
8%
automatize
8%
agglutinate
0%
anguish
0%
appropiate
0%

Score Distribution

Percentile by Number Answered

Percent of People with Each Score

Your Score History

You have not taken this quiz since the last reset